Indian economy : (Record no. 199417)
[ view plain ]
| 000 -LEADER | |
|---|---|
| fixed length control field | 01152nam a22003017a 4500 |
| 003 - CONTROL NUMBER IDENTIFIER | |
| control field | dpl |
| 005 - DATE AND TIME OF LATEST TRANSACTION | |
| control field | 20240327155803.0 |
| 008 - FIXED-LENGTH DATA ELEMENTS--GENERAL INFORMATION | |
| fixed length control field | 231204b |||||||| |||| 00| 0 eng d |
| 010 ## - LIBRARY OF CONGRESS CONTROL NUMBER | |
| LC control number | B-756871-880 ENG-139883 |
| 020 ## - INTERNATIONAL STANDARD BOOK NUMBER | |
| Terms of availability | 765.00 |
| International Standard Book Number | 9789355324627 |
| 035 ## - SYSTEM CONTROL NUMBER | |
| System control number | B-756871-880 |
| 035 ## - SYSTEM CONTROL NUMBER | |
| System control number | EN-123415 |
| 037 ## - SOURCE OF ACQUISITION | |
| Source of stock number/acquisition | Pragati Publication |
| 040 ## - CATALOGING SOURCE | |
| Transcribing agency | 0 |
| 082 ## - DEWEY DECIMAL CLASSIFICATION NUMBER | |
| Classification number | 330.954 |
| 100 ## - MAIN ENTRY--PERSONAL NAME | |
| Personal name | Singhania, Nitin |
| 9 (RLIN) | 6645 |
| 245 ## - TITLE STATEMENT | |
| Title | Indian economy : |
| Statement of responsibility, etc | by Nitin Singhania |
| Remainder of title | For civil Services and other competitive Examinations/ |
| 246 ## - VARYING FORM OF TITLE | |
| Remainder of title | |
| 250 ## - EDITION STATEMENT | |
| Edition statement | 4th Edition |
| 260 ## - PUBLICATION, DISTRIBUTION, ETC. (IMPRINT) | |
| Name of publisher, distributor, etc | McGraw Hill Education Private Limited |
| Date of publication, distribution, etc | 2023-24 |
| Place of publication, distribution, etc | Tamill Nadu |
| 270 ## - ADDRESS | |
| City | Chennai |
| Address | 444/1, Sri Ekambara Naicker Industrial Estate, Alapakkam, Porur |
| Postal code | 600116 |
| 300 ## - PHYSICAL DESCRIPTION | |
| Extent | xxiv, 727p. |
| Dimensions | 24cm(pbk) |
| 500 ## - GENERAL NOTE | |
| General note | Includes bibliographical references and appendix |
| 650 ## - SUBJECT ADDED ENTRY--TOPICAL TERM | |
| Topical term or geographic name as entry element | Indian economy |
| 9 (RLIN) | 3591 |
| 650 ## - SUBJECT ADDED ENTRY--TOPICAL TERM | |
| Topical term or geographic name as entry element | Industrial policy |
| 9 (RLIN) | 6646 |
| 942 ## - ADDED ENTRY ELEMENTS (KOHA) | |
| Source of classification or shelving scheme | Dewey Decimal Classification |
| Koha item type | English Books |
| Classification part | 330.954 |
| Call number suffix | SIN |
| Withdrawn status | Lost status | Source of classification or shelving scheme | Damaged status | Not for loan | Collection code | Home library | Current library | Date acquired | Source of acquisition | Cost, normal purchase price | Total Checkouts | Total Renewals | Full call number | Barcode | Date last seen | Date checked out | Copy number | Cost, replacement price | Price effective from | Koha item type |
|---|---|---|---|---|---|---|---|---|---|---|---|---|---|---|---|---|---|---|---|---|
| Dewey Decimal Classification | Non-fiction | Ashok Vihar | Ashok Vihar | 20/12/2023 | Pragati Publications/12/29.11.23/46/23.11.23/7.12.23 | 765.00 | 5 | 3 | 330.954 SIN | B-756874 | 03/10/2025 | 14/05/2025 | 4 | 765.00 | 20/12/2023 | English Books | ||||
| Dewey Decimal Classification | Non-fiction | Bawana | Bawana | 20/12/2023 | Pragati Publications/12/29.11.23/46/23.11.23/7.12.23 | 765.00 | 4 | 330.954 SIN | B-756879 | 18/09/2024 | 02/09/2024 | 9 | 765.00 | 20/12/2023 | English Books | |||||
| Dewey Decimal Classification | Non-fiction | Central Jail Tihar | Central Jail Tihar | 27/03/2024 | DBAD | 765.00 | 2 | 2 | 330.954 SIN | EN-123415 | 29/12/2025 | 29/04/2025 | 1 | 765.00 | 27/03/2024 | English Books | ||||
| Dewey Decimal Classification | Non-fiction | Central Library | Central Library | 20/12/2023 | Pragati Publications/12/29.11.23/46/23.11.23/7.12.23 | 765.00 | 13 | 18 | 330.954 SIN | B-756871 | 28/03/2026 | 13/03/2026 | 1 | 765.00 | 20/12/2023 | English Books | ||||
| Dewey Decimal Classification | Non-fiction | Janak Puri | Janak Puri | 20/12/2023 | Pragati Publications/12/29.11.23/46/23.11.23/7.12.23 | 765.00 | 7 | 6 | 330.954 SIN | B-756876 | 05/05/2026 | 08/04/2026 | 6 | 765.00 | 20/12/2023 | English Books | ||||
| Dewey Decimal Classification | Non-fiction | Mobile Library | Mobile Library | 20/12/2023 | Pragati Publications/12/29.11.23/46/23.11.23/7.12.23 | 765.00 | 330.954 SIN | B-756872 | 20/12/2023 | 2 | 765.00 | 20/12/2023 | English Books | |||||||
| Dewey Decimal Classification | Non-fiction | Mobile Library | Mobile Library | 20/12/2023 | Pragati Publications/12/29.11.23/46/23.11.23/7.12.23 | 765.00 | 330.954 SIN | B-756873 | 20/12/2023 | 3 | 765.00 | 20/12/2023 | English Books | |||||||
| Dewey Decimal Classification | Non-fiction | Sarojini Nagar | Sarojini Nagar | 20/12/2023 | Pragati Publications/12/29.11.23/46/23.11.23/7.12.23 | 765.00 | 9 | 12 | 330.954 SIN | B-756877 | 24/05/2025 | 29/04/2025 | 7 | 765.00 | 20/12/2023 | English Books | ||||
| Dewey Decimal Classification | Non-fiction | Shahdara Branch | Shahdara Branch | 20/12/2023 | Pragati Publications/12/29.11.23/46/23.11.23/7.12.23 | 765.00 | 14 | 6 | 330.954 SIN | B-756880 | 13/02/2026 | 03/02/2026 | 10 | 765.00 | 20/12/2023 | English Books | ||||
| Dewey Decimal Classification | Non-fiction | Tri Nagar | Tri Nagar | 20/12/2023 | Pragati Publications/12/29.11.23/46/23.11.23/7.12.23 | 765.00 | 1 | 2 | 330.954 SIN | B-756875 | 27/07/2024 | 10/06/2024 | 5 | 765.00 | 20/12/2023 | English Books | ||||
| Dewey Decimal Classification | Non-fiction | Vinoba Puri | Vinoba Puri | 20/12/2023 | Pragati Publications/12/29.11.23/46/23.11.23/7.12.23 | 765.00 | 2 | 1 | 330.954 SIN | B-756878 | 20/05/2025 | 07/05/2025 | 8 | 765.00 | 20/12/2023 | English Books |
